|
|
|
|
| LEADER |
00000cam a2200000 7i4500 |
| 001 |
0000012460 |
| 005 |
20080513.0 |
| 008 |
071218 |
| 020 |
|
|
|a 0671746073
|
| 090 |
0 |
0 |
|a 808.5
|b CAR
|
| 100 |
1 |
|
|a Carnegie, Dale
|
| 245 |
1 |
0 |
|a How to develop self-confidence and influence people by Public speaking
|c Dale Carnegie
|
| 260 |
|
|
|a New York :
|b Pocket Books ,
|c 1956
|
| 650 |
|
0 |
|a English fiction
|
| 650 |
|
0 |
|a Oratory
|
| 999 |
|
|
|a 0001003756
|b Book
|c Adult Collection
|e Perbadanan Perpustakaan Awam Johor
|
| 999 |
|
|
|a 0001017184
|b Book
|c Adult Collection
|e Perbadanan Perpustakaan Awam Johor
|
| 999 |
|
|
|a 0001047706
|b Book
|c Adult Collection
|e Cawangan AEON Kulaijaya
|
| 999 |
|
|
|a 0001047707
|b Book
|c Adult Collection
|e Cawangan Tmn. Ungku Tun Aminah
|
| 999 |
|
|
|a 0001047708
|b Book
|c Adult Collection
|e Cawangan Taman Sri Lambak
|
| 999 |
|
|
|a 0001047709
|b Book
|c Adult Collection
|e Cawangan Sri Merlong
|